Skoda Modelle - Statistiken

Allgemein
  • Dieses Quiz wurde 83 mal gespielt
  • Das Durchschnittsergebnis liegt bei 5 aus 13
Antwortstatistiken
Antwort % Korrekt
Fabia
92%
Octavia
89%
Superb
77%
Kodiaq
58%
Karoq
56%
Kamiq
44%
Scala
36%
Octavia Combi
5%
Superb Combi
5%
Enyaq iV
2%
Enyaq Coupé iV
0%
Enyaq Coupé RS iV
0%
Enyaq RS iV
0%
Keine übereinstimmenden Quizze gefunden
Verteilung der Resultate
Anzahl Personen mit jedem Resultat
Perzentil nach korrekt beantworteten Fragen
Ihre Resultats-Entwicklung
Sie haben dieses Quiz noch nicht gespielt